[Event "FICGS class E 000013 email"]
[Site "FICGS email"]
[Date "2006.09.13"]
[Round "1"]
[White "Humel, Andrea"]
[Black "Caburro, John"]
[Result "1-0"]
[WhiteElo "1553"]
[BlackElo "1400"]
[PlyCount "37"]
[EventDate "2006.??.??"]
[EventType "tourn (corr)"]
[EventRounds "5"]
[SourceTitle "Corr 2022"]
[Source "ChessBase"]
[SourceDate "2021.10.24"]
[SourceVersion "1"]
[SourceVersionDate "2021.10.24"]
[SourceQuality "1"]

1. d4 Nf6 2. Bg5 c6 3. Nf3 d5 4. Bxf6 exf6 5. e3 Bd6 6. Bd3 0-0 7. h4 Bg4 8. Nbd2 Re8 9. c3 Nd7 10. Qc2 f5 11. Bxf5 Bxf5 12. Qxf5 Qb6 13. Qxd7 Qxb2 14. 0-0 Rad8 15. Qf5 Qxc3 16. Ng5 Qxd2 17. Qxf7+ Kh8 18. Qf5 Kg8 19. Qxh7+ 1-0

[Event "FICGS class D 000007 email"]
[Site "FICGS email"]
[Date "2006.07.14"]
[Round "1"]
[White "Riha, Josef"]
[Black "Humel, Andrea"]
[Result "1-0"]
[WhiteElo "1592"]
[BlackElo "1600"]
[PlyCount "59"]
[EventDate "2006.??.??"]
[EventType "tourn (corr)"]
[EventRounds "6"]
[SourceTitle "Corr 2022"]
[Source "ChessBase"]
[SourceDate "2021.10.24"]
[SourceVersion "1"]
[SourceVersionDate "2021.10.24"]
[SourceQuality "1"]

1. e4 c6 2. d4 d5 3. Nc3 dxe4 4. Nxe4 Nf6 5. Nxf6+ exf6 6. c3 Bd6 7. Bd3 0-0 8. Ne2 Re8 9. 0-0 Qc7 10. Ng3 Nd7 11. Nf5 Nf8 12. g3 Be6 13. Bd2 Qd7 14. Qf3 Ng6 15. Qh5 Bf8 16. Rfe1 b5 17. f4 Bd5 18. b3 a5 19. Rad1 c5 20. c4 bxc4 21. bxc4 Bb7 22. d5 a4 23. Rxe8 Rxe8 24. Rb1 Rb8 25. Rb5 h6 26. Qg4 Qd8 27. h4 Bc8 28. Rxb8 Bxf5 29. Rxd8 Bxg4 30. d6 1-0